000 00466nam a22001811a 4500
001 3731
003 OSt
005 20260204211902.0
008 050206s(199||||dr ||||||b||||||||||spa||
050 _aRD 805 F178r
082 _aRD800 F178r
100 _aFajardo, Miguel
245 _aRealidad, mito y dolor / Miguel Fajardo
264 _aSanto Domingo : Biblioteca Nacional
300 _a265 p
650 _aLiteratura - Colecciones de EscritosÌ
942 _2ddc
_cBK
999 _c3731
_d3731